| Tag |
First Indicator |
Second Indicator |
Subfields |
| LEADER |
00000cam a22000004a 4500 |
| 001 |
in00002128313 |
| 005 |
20160715122444.0 |
| 008 |
040615s2005 caua b 001 0 eng |
| 010 |
|
|
|a 2004054971
|
| 035 |
|
|
|a (OCoLC)ocm55729992
|
| 040 |
|
|
|a DLC
|b eng
|c DLC
|d OCL
|d MUQ
|d BAKER
|d BTCTA
|d YDXCP
|d IG#
|d UBA
|d AUW
|d DEBBG
|d OCLCF
|d IAK
|d ZLM
|d OCLCQ
|
| 020 |
|
|
|a 189138922X
|q (acid-free paper)
|
| 020 |
|
|
|a 9781891389221
|q (acid-free paper)
|
| 035 |
|
|
|a (OCoLC)55729992
|
| 042 |
|
|
|a pcc
|
| 050 |
0 |
0 |
|a QC125.2
|b .T39 2005
|
| 082 |
0 |
0 |
|a 531
|2 22
|
| 084 |
|
|
|a PHY 200f
|2 stub
|
| 084 |
|
|
|a UF 1000
|2 rvk
|
| 049 |
|
|
|a TXAM
|
| 100 |
1 |
|
|a Taylor, John R.
|q (John Robert),
|d 1939-
|
| 245 |
1 |
0 |
|a Classical mechanics /
|c John R. Taylor.
|
| 260 |
|
|
|a Sausalito, Calif. :
|b University Science Books,
|c ©2005.
|
| 300 |
|
|
|a xiv, 786 pages :
|b illustrations ;
|c 27 cm
|
| 336 |
|
|
|a text
|b txt
|2 rdacontent
|
| 337 |
|
|
|a unmediated
|b n
|2 rdamedia
|
| 338 |
|
|
|a volume
|b nc
|2 rdacarrier
|
| 504 |
|
|
|a Includes bibliographical references (pages 747-748) and index.
|
| 505 |
0 |
|
|a Part I. Essentials. Newton's laws of motion ; Projectiles and charged particles ; Momentum and angular momentum ; Energy ; Oscillations ; Calculus of variations ; Lagrange's equations ; Two-body central force problems ; Mechanics in noninertial frames ; Motion of rigid bodies ; Coupled oscillators and normal modes -- pt. II. Further topics. Nonlinear mechanics and chaos ; Hamiltonian mechanics ; Collision theory ; Special relativity ; Continuum mechanics -- Appendix. Diagonalizing real symmetric matrices.
|
| 520 |
|
|
|a "Classical Mechanics is intended for students who have studied some mechanics in an introductory physics course, such as "freshman physics." ... the book covers most of the topics normally found in books at this level, including conservation laws, oscillations, Lagrangian mechanics, two-body problems, non-inertial frames, rigid bodies, normal modes, chaos theory, Hamiltonian mechanics, and continuum mechanics. A particular highlight is the chapter on chaos, which focuses on a few simple systems, to give a truly comprehensible introduction to the concepts that we hear so much about. At the end of each chapter is a large selection of interesting problems for the student, 744 in all, classified by topic and approximate difficulty, and ranging for simple exercises to challenging computer projects."--Publisher's description.
|
| 650 |
|
0 |
|a Mechanics.
|
| 650 |
|
6 |
|a Mécanique.
|
| 650 |
|
7 |
|a Mechanics.
|2 fast
|0 (OCoLC)fst01013446
|
| 650 |
|
7 |
|a Mecânica clássica.
|2 larpcal
|
| 650 |
0 |
7 |
|a Mechanik.
|2 swd
|
| 655 |
|
4 |
|a Lehrbuch.
|
| 655 |
|
7 |
|a Lehrbuch.
|2 swd
|
| 948 |
|
|
|a cataloged
|b h
|c 2006/6/20
|d c
|e aklinger
|f 12:31:18 pm
|
| 994 |
|
|
|a C0
|b TXA
|
| 999 |
f |
f |
|s e2913217-098c-353a-918a-e760b44aa791
|i 1c7bebc6-cef8-3ad2-b3ca-223bd8146f60
|t 0
|
| 952 |
f |
f |
|p 4_hour
|a Texas A&M University
|b College Station
|c Sterling C. Evans Library
|s Evans Media and Reserves Reserve Coll.
|d Evans: Media and Reserves (Evans 1st floor)
|t 0
|e QC125.2 .T39 2005
|h Library of Congress classification
|i unmediated -- volume
|m A14834510050
|
| 998 |
f |
f |
|a QC125.2 .T39 2005
|t 0
|l Evans: Library Stacks
|